000 00953cam a2200253 4500
001 A276
008 090401t1993 xxu||||| |||| 00| 0 eng d
035 _a(Sirsi) u95348
041 _aeng
110 _aRoyal Institution of Chartered Surveyors
_94900
245 _aCompulsory purchase and urban regeneration
260 _bRICS
_c1993
300 _a5p
350 _a3
490 _aRICS Memorandum
_vGCPPA/Report(93)13
520 _aA paper by the RICS Urban Regeneration Panel considering ways in which land can be assembled, particularly the use of compulsory purchase powers, the smooth operation of which will facilitate successful urban regeneration work.
650 _aCompulsory purchase
_96228
650 _aLAND ASSEMBLY
650 _aURBAN REGENERATION
690 _aENVIRONMENTAL AND LAND CONSULTANCY-PLANNING AND DEVELOPMENT-COMPULSORY PURCHASE AND COMPENSATION
690 _aURBAN RENEWAL
942 _n0
948 _c04/03/1997
999 _c98439
_d98439